[Event "GRE-chT Schools Lykeia 16th"]
[Site "Peristeri"]
[Date "2018.03.31"]
[Round "3.3"]
[White "Apostolou, Petros"]
[Black "Bichakis, Ioannis"]
[Result "1-0"]
[WhiteElo "1326"]
[BlackElo "1279"]
[PlyCount "95"]
[EventDate "2018.03.31"]
[EventType "team-swiss (rapid)"]
[EventRounds "6"]
[EventCountry "GRE"]
[SourceTitle "EXT 2019"]
[Source "ChessBase"]
[SourceDate "2018.10.10"]
[SourceVersion "1"]
[SourceVersionDate "2018.10.10"]
[SourceQuality "1"]

1. e4 e5 2. Nf3 Nc6 3. Bc4 Nf6 4. Ng5 d5 5. exd5 Na5 6. d3 Nxc4 7. dxc4 Be7 8. h3 Nxd5 9. Nxf7 Kxf7 10. Qxd5+ Qxd5 11. cxd5 Rf8 12. Bd2 Bf5 13. c4 Kg8 14. Nc3 Bd3 15. b3 Bc5 16. Be3 Bd4 17. Rc1 a6 18. Kd2 Bg6 19. Ne2 c5 20. dxc6 bxc6 21. Rhd1 Rad8 22. Ke1 Bb2 23. Rxd8 Rxd8 24. Rd1 Rxd1+ 25. Kxd1 Bb1 26. a4 Ba2 27. Kc2 Bxb3+ 28. Kxb3 Bd4 29. Bxd4 exd4 30. Nxd4 c5 31. Ne6 Kf7 32. Nxc5 Ke7 33. Nxa6 Kd6 34. Nb4 Kc7 35. Nd3 g5 36. g4 h6 37. Ne5 Kd6 38. Nf7+ Ke6 39. Nxh6 Kf6 40. a5 Kg6 41. Nf5 Kh7 42. a6 Kg6 43. Ne3 Kh6 44. a7 Kg6 45. a8Q Kh6 46. Nf5+ Kh7 47. Qb7+ Kg6 48. Qg7# 1-0

[Event "Nikaia op 23rd"]
[Site "Nikaia"]
[Date "2015.08.28"]
[Round "2"]
[White "Sahpatsidis, Haralabos"]
[Black "Apostolou, Petros"]
[Result "1-0"]
[WhiteElo "1433"]
[BlackElo "1189"]
[PlyCount "87"]
[EventDate "2015.08.26"]
[EventType "swiss"]
[EventRounds "9"]
[EventCountry "GRE"]
[SourceTitle "EXT 2016"]
[Source "ChessBase"]
[SourceDate "2015.10.08"]
[SourceVersion "1"]
[SourceVersionDate "2015.10.08"]
[SourceQuality "1"]

1. d4 d5 2. c4 c6 3. Nc3 Nf6 4. Bf4 dxc4 5. e4 e6 6. Nf3 Bb4 7. Qc2 Bxc3+ 8. bxc3 b5 9. Be2 h6 10. 0-0 0-0 11. Nd2 Bb7 12. f3 Nbd7 13. Bd6 Re8 14. e5 Nd5 15. Qb2 a5 16. a3 f6 17. f4 Ne3 18. Bh5 Nxf1 19. Nxf1 Re7 20. a4 Kh7 21. Bf3 Rf7 22. axb5 Nb8 23. Qe2 cxb5 24. Bxb7 Ra7 25. Bf3 Nd7 26. Nd2 f5 27. Qe3 Nf8 28. d5 Ra6 29. dxe6 Nxe6 30. Bd5 Qd7 31. Nf3 g6 32. Nd4 Nxd4 33. Qxd4 Qa7 34. Bc5 Qd7 35. Bxf7 Qxf7 36. Bd6 Ra8 37. Qb6 Qa7 38. Bc5 Qxb6 39. Bxb6 Rb8 40. Bc7 Rb7 41. Bxa5 Ra7 42. e6 Kg7 43. Ra3 Kf6 44. Bd8+ 1-0